[Event "HZ Chess Tournament 2022"]
[Site "Vlissingen, Netherlands"]
[Date "2022.08.09"]
[Round "5.28"]
[White "Boelhouwer, Collin"]
[Black "Kalisvaart, Peter"]
[Result "1/2-1/2"]
[WhiteElo "2151"]
[BlackElo "1979"]
[PlyCount "134"]

1. e4 c6 2. Nc3 d5 3. Nf3 Bg4 4. h3 Bxf3 5. Qxf3 e6 6. Be2 Nf6 7. O-O d4 8. Nb1
Nbd7 9. d3 Bd6 10. h4 h5 11. Qh3 e5 12. a4 Nf8 13. Nd2 b5 14. g3 Qd7 15. Qg2
Ne6 16. Nb3 Qc7 17. c3 Rb8 18. axb5 cxb5 19. Bd2 dxc3 20. bxc3 b4 21. Rfc1 bxc3
22. Rxc3 Qxc3 23. Bxc3 Rxb3 24. Rc1 O-O 25. Bd1 Ra3 26. Qf3 Rc8 27. Bb2 Rxc1
28. Bxc1 Nd4 29. Qe3 Ra1 30. Kg2 a5 31. Qd2 Rb1 32. Qc3 Kh7 33. Qc4 Kg6 34. f4
Ba3 35. Bxh5+ Nxh5 36. Bxa3 Re1 37. fxe5 Re2+ 38. Kh3 Nf3 39. Qc6+ Kh7 40. Qc8
Rh2+ 41. Kg4 Nxe5+ 42. Kf5 Nxd3 43. e5 Rf2+ 44. Ke4 Nxg3+ 45. Ke3 Rf5 46. Bd6
Nxe5 47. Bxe5 Rxe5+ 48. Kf4 Re6 49. Kxg3 Rg6+ 50. Kf4 Rf6+ 51. Ke5 Re6+ 52. Kd5
Rf6 53. Qc2+ Kg8 54. Qe2 Re6 55. Qg4 Kh7 56. Kc5 Rf6 57. Kb5 Kg8 58. Kxa5 Kh7
59. Kb5 Kg8 60. Kc5 Kh7 61. Kd5 Kg8 62. Qc8+ Kh7 63. Qe8 Rh6 64. Qe4+ Kg8 65.
Qe8+ Kh7 66. Qxf7 Rf6 67. Qe7 Kg8 1/2-1/2

[Event "HZ Chess Tournament 2022"]
[Site "Vlissingen, Netherlands"]
[Date "2022.08.09"]
[Round "5.29"]
[White "Tibke, Jonas"]
[Black "Krause, Thomas"]
[Result "1/2-1/2"]
[WhiteElo "1961"]
[BlackElo "2129"]
[PlyCount "35"]

1. e4 c5 2. c3 e5 3. Nf3 Nc6 4. d4 cxd4 5. cxd4 exd4 6. Nxd4 Nf6 7. Bc4 Bb4+ 8.
Nc3 Nxe4 9. O-O Bxc3 10. bxc3 d5 11. Bb5 O-O 12. Nxc6 bxc6 13. Bxc6 Ba6 14.
Bxa8 Bxf1 15. Qxd5 Nxc3 16. Qxd8 Rxd8 17. Bb2 Bc4 18. Bxc3 1/2-1/2

[Event "HZ Chess Tournament 2022"]
[Site "Vlissingen, Netherlands"]
[Date "2022.08.09"]
[Round "5.30"]
[White "Koffeman, Timo"]
[Black "Oosting, Robert"]
[Result "1-0"]
[WhiteElo "2119"]
[BlackElo "1949"]
[PlyCount "49"]

1. e4 c5 2. Nf3 d6 3. d4 cxd4 4. Nxd4 Nf6 5. Nc3 a6 6. h3 e6 7. g4 Be7 8. Bg2
Qc7 9. O-O Nc6 10. Nde2 b5 11. Be3 Bb7 12. Ng3 O-O 13. f4 d5 14. exd5 Nxd5 15.
Nxd5 exd5 16. Nf5 Bf6 17. c3 Ne7 18. Nd4 Ng6 19. Qd2 Nh4 20. Bh1 h5 21. Qf2
hxg4 22. hxg4 Ng6 23. g5 Be7 24. f5 Ne5 25. Qh4 1-0

[Event "HZ Chess Tournament 2022"]
[Site "Vlissingen, Netherlands"]
[Date "2022.08.09"]
[Round "5.31"]
[White "Bakker, Jouke"]
[Black "Haak, Eelco"]
[Result "1-0"]
[WhiteElo "2113"]
[BlackElo "1933"]
[PlyCount "107"]

1. e4 e6 2. d4 d5 3. Nd2 Nf6 4. e5 Nfd7 5. Bd3 c5 6. c3 Nc6 7. Ne2 cxd4 8. cxd4
f6 9. exf6 Nxf6 10. O-O Bd6 11. Nf3 O-O 12. Bf4 Bxf4 13. Nxf4 Qd6 14. Ne2 Bd7
15. Ng3 Rae8 16. Bb5 Ne7 17. Bxd7 Nxd7 18. Qd2 Nc6 19. Rad1 Rf6 20. Rfe1 Qb4
21. Qxb4 Nxb4 22. Re3 Nc6 23. Nf1 h6 24. Rb3 Rb8 25. Ne3 Rf4 26. h3 Nf6 27. Nc2
Ne4 28. Nb4 Nxb4 29. Rxb4 Rf7 30. Rc1 b6 31. Rc6 Re8 32. Rb3 g5 33. Re3 h5 34.
Ne5 Rg7 35. f3 Ng3 36. Kf2 Nf5 37. Rd3 h4 38. Rd2 Rge7 39. Ke2 Rd8 40. Kd3 Nd6
41. Rdc2 Kg7 42. b3 Kf6 43. Rc7 Rde8 44. R2c6 Nf7 45. Nd7+ Kf5 46. Rxa7 Kf4 47.
Rac7 Kg3 48. Nf6 Rxc7 49. Rxc7 Rf8 50. Nh7 Rg8 51. Rxf7 Kxg2 52. Nf6 Rg6 53.
Ke3 Kxh3 54. Kf2 1-0

[Event "HZ Chess Tournament 2022"]
[Site "Vlissingen, Netherlands"]
[Date "2022.08.09"]
[Round "5.32"]
[White "Aravindhan, Achyuth"]
[Black "Lohr, Maximilian"]
[Result "0-1"]
[WhiteElo "1925"]
[BlackElo "2112"]
[PlyCount "70"]

1. e4 c6 2. d4 d5 3. Nc3 dxe4 4. Nxe4 Nf6 5. Nxf6+ exf6 6. Nf3 Bd6 7. Be3 O-O
8. Bd3 Re8 9. O-O Nd7 10. Qd2 Qc7 11. h3 Nf8 12. d5 cxd5 13. Nd4 a6 14. Nf5
Bh2+ 15. Kh1 Be5 16. Rae1 Bd7 17. c3 Qc8 18. Ng3 Ng6 19. f4 Bc7 20. Nh5 Nh4 21.
Qf2 Nf5 22. Bd2 Bd6 23. g4 Rxe1 24. Rxe1 Bc5 25. Qg2 Nd6 26. g5 Bxh3 27. Qg3
Qg4 28. gxf6 g6 29. Be2 Qxg3 30. Nxg3 Bf2 31. Rd1 Bxg3 32. Be3 Re8 33. Rxd5
Rxe3 34. Rxd6 h5 35. Rd8+ Kh7 0-1

[Event "HZ Chess Tournament 2022"]
[Site "Vlissingen, Netherlands"]
[Date "2022.08.09"]
[Round "5.33"]
[White "Van der Zalm, Marnix"]
[Black "Boghossian, Wahe"]
[Result "0-1"]
[WhiteElo "2088"]
[BlackElo "1892"]
[PlyCount "90"]

1. Nf3 Nf6 2. g3 g6 3. Bg2 c5 4. O-O Bg7 5. c4 O-O 6. Nc3 Nc6 7. d4 cxd4 8.
Nxd4 Qb6 9. Ndb5 d6 10. Be3 Qa5 11. Bd2 a6 12. Nd5 Qd8 13. Nbc3 Nxd5 14. cxd5
Ne5 15. b3 b5 16. Rc1 Bb7 17. Be3 Rc8 18. Qd2 Qa5 19. Bd4 f5 20. f4 Ng4 21.
Bxg7 Kxg7 22. Qd4+ Nf6 23. e4 b4 24. Na4 fxe4 25. Bxe4 Bxd5 26. Rxc8 Rxc8 27.
Nb6 Qc5 28. Qxc5 Rxc5 29. Bxd5 Nxd5 30. Nc4 Nc3 31. Rf2 d5 32. Ne5 Ra5 33. Nc6
Rxa2 34. Nxb4 Ra1+ 35. Rf1 Ra3 36. Re1 Kf8 37. Re6 a5 38. Nc6 Rxb3 39. Nxa5
Rb1+ 40. Kg2 d4 41. Rc6 d3 42. Nc4 Ne4 43. Rc8+ Kg7 44. Rd8 d2 45. Ne3 Nd6 0-1

[Event "HZ Chess Tournament 2022"]
[Site "Vlissingen, Netherlands"]
[Date "2022.08.09"]
[Round "5.34"]
[White "Brokaar, Joey"]
[Black "Van Dijkhuizen, Robbert"]
[Result "1/2-1/2"]
[WhiteElo "2068"]
[BlackElo "1869"]
[PlyCount "65"]

1. e4 e6 2. d4 d5 3. exd5 exd5 4. Bd3 Nf6 5. Bg5 Be7 6. Nc3 O-O 7. Nge2 c6 8.
Qd2 Re8 9. O-O Nbd7 10. Ng3 Nf8 11. Nf5 Bb4 12. Rfe1 Ne6 13. Bh4 Bd7 14. Nh6+
Kf8 15. Bxh7 Bd6 16. Ng4 Bf4 17. Qd1 Bg5 18. Bxg5 Nxg5 19. Rxe8+ Bxe8 20. Bd3
Nxg4 21. Qxg4 Qf6 22. Re1 Ne6 23. Qh5 Qxd4 24. Qh8+ Ke7 25. Bf5 Qf6 26. Bxe6
fxe6 27. f4 Rd8 28. g3 Bg6 29. Qh3 Bxc2 30. Qg2 Bg6 31. Re5 d4 32. Nd1 Rd5 33.
Rxd5 1/2-1/2

[Event "HZ Chess Tournament 2022"]
[Site "Vlissingen, Netherlands"]
[Date "2022.08.09"]
[Round "5.35"]
[White "Coenen, Eduard"]
[Black "Kalma, Jildo"]
[Result "1-0"]
[WhiteElo "2063"]
[BlackElo "1826"]
[PlyCount "115"]

1. d4 d5 2. c3 Nf6 3. Nf3 Bf5 4. Bf4 e6 5. Nbd2 Be7 6. e3 h6 7. Ne5 Nbd7 8. g4
Be4 9. Nxe4 Nxe4 10. Bd3 Nd6 11. Qf3 c6 12. O-O-O Nf6 13. h4 Nfe4 14. g5 Qa5
15. gxh6 gxh6 16. Kb1 O-O-O 17. Qe2 Qb6 18. Rc1 Rdg8 19. f3 Ng3 20. Bxg3 Rxg3
21. Qh2 Rhg8 22. Rhg1 Rxg1 23. Rxg1 Rxg1+ 24. Qxg1 Bxh4 25. Qg7 Qd8 26. f4 Kc7
27. Qxh6 Bf2 28. Ng4 Qh4 29. Qxh4 Bxh4 30. Kc2 Kd7 31. b3 Ke7 32. c4 Ne8 33. c5
Nf6 34. Ne5 Nd7 35. Nf3 Bf6 36. b4 Bg7 37. b5 f6 38. a4 e5 39. Nh4 Kf7 40. Bg6+
Kg8 41. Nf5 Bf8 42. Be8 Nb8 43. Kd3 exf4 44. exf4 a6 45. bxc6 Nxc6 46. Bxc6
bxc6 47. Ke3 Kf7 48. Kf3 Ke6 49. Kg4 a5 50. Nh4 Be7 51. Kh5 Bd8 52. Kg6 Bc7 53.
f5+ Ke7 54. Kg7 Bg3 55. Ng6+ Ke8 56. Kxf6 Bf2 57. Ke5 Bg3+ 58. Ke6 1-0

[Event "HZ Chess Tournament 2022"]
[Site "Vlissingen, Netherlands"]
[Date "2022.08.09"]
[Round "5.36"]
[White "Reichardt, Robin"]
[Black "Arnold, Rhys"]
[Result "1/2-1/2"]
[WhiteElo "2054"]
[BlackElo "1777"]
[PlyCount "49"]

1. d4 d5 2. c4 c6 3. Nf3 Nf6 4. e3 e6 5. b3 Ne4 6. Bd3 Bb4+ 7. Nbd2 f5 8. Ne5
O-O 9. O-O Nxd2 10. Bxd2 Bxd2 11. Qxd2 Nd7 12. f4 Nxe5 13. fxe5 b6 14. Rac1 Bb7
15. cxd5 cxd5 16. Rc3 Rc8 17. Rfc1 Qd7 18. R1c2 Rxc3 19. Rxc3 Rc8 20. Qc2 Rxc3
21. Qxc3 h6 22. g3 Qc6 23. Qxc6 Bxc6 24. Kf2 Kf7 25. Kf3 1/2-1/2

[Event "HZ Chess Tournament 2022"]
[Site "Vlissingen, Netherlands"]
[Date "2022.08.09"]
[Round "5.38"]
[White "Sai Kiran Y"]
[Black "Duson, Robin"]
[Result "0-1"]
[WhiteElo "1879"]
[BlackElo "2040"]
[PlyCount "68"]

1. e4 c5 2. Nf3 e6 3. d4 cxd4 4. Nxd4 Nc6 5. Be3 Nf6 6. Nc3 Bb4 7. Bd3 Qc7 8.
O-O a6 9. Na4 Ne5 10. Nf3 Nfg4 11. Nxe5 Nxe3 12. Qh5 g6 13. Qf3 Qxe5 14. Qxe3
b5 15. a3 Be7 16. Nc3 Bb7 17. Kh1 O-O 18. f4 Qc7 19. f5 Qe5 20. Qh3 Bf6 21.
Rae1 Rac8 22. Nd1 Rce8 23. Re2 exf5 24. exf5 Qxe2 25. Bxe2 Rxe2 26. fxg6 fxg6
27. Qb3+ Kg7 28. Qg3 Be5 29. Qe1 Rxe1 30. Rxe1 d6 31. c3 Rf5 32. Kg1 Bf6 33.
Nf2 Rd5 34. Re2 Re5 0-1

[Event "HZ Chess Tournament 2022"]
[Site "Vlissingen, Netherlands"]
[Date "2022.08.09"]
[Round "5.40"]
[White "Tabak, Stefan"]
[Black "Omota, Vlad"]
[Result "1-0"]
[WhiteElo "2166"]
[BlackElo "1933"]
[PlyCount "55"]

1. e4 e6 2. Nf3 d5 3. e5 c5 4. b4 d4 5. Bd3 Bd7 6. O-O Nc6 7. c3 cxb4 8. Qe2
Qb6 9. Bb2 Bc5 10. a3 bxc3 11. dxc3 dxc3 12. Nxc3 Nd4 13. Nxd4 Bxd4 14. Rab1
Ne7 15. Ne4 Bxb2 16. Rxb2 Qd8 17. Nd6+ Kf8 18. Qf3 Nf5 19. Bxf5 exf5 20. Rxb7
Be6 21. Rc1 g6 22. Rcc7 Rb8 23. h3 Rxb7 24. Qxb7 h5 25. Rxf7+ Kg8 26. Rg7+ Kf8
27. Rxg6 a5 28. Qg7# 1-0

[Event "HZ Chess Tournament 2022"]
[Site "Vlissingen, Netherlands"]
[Date "2022.08.09"]
[Round "5.41"]
[White "Manshanden, Nick"]
[Black "Morssink, Pieter Jan"]
[Result "1-0"]
[WhiteElo "2065"]
[BlackElo "1920"]
[PlyCount "81"]

1. d4 Nf6 2. c4 g6 3. Nc3 Bg7 4. e4 d6 5. Nf3 O-O 6. Be2 e5 7. Be3 c6 8. O-O
Nbd7 9. Qc2 Ng4 10. Bg5 f6 11. Bh4 a6 12. Rad1 Qe8 13. Rfe1 h5 14. Bg3 Nh6 15.
Bf1 Rf7 16. b4 Nf8 17. d5 Bg4 18. c5 Bxf3 19. gxf3 Rd8 20. dxc6 Qxc6 21. Bc4
Kh7 22. Bxf7 Nxf7 23. Qb3 Ng5 24. Ne2 Nge6 25. cxd6 Rxd6 26. Rd5 Nc7 27. Rxd6
Qxd6 28. Rd1 Qc6 29. a4 Nfe6 30. Rc1 Qb6 31. Qc4 Qd6 32. b5 axb5 33. axb5 b6
34. Kg2 Nc5 35. f4 Qe7 36. f3 N7e6 37. f5 gxf5 38. exf5 Nf4+ 39. Bxf4 exf4 40.
Nxf4 Bh6 41. Rg1 1-0

[Event "HZ Chess Tournament 2022"]
[Site "Vlissingen, Netherlands"]
[Date "2022.08.09"]
[Round "5.42"]
[White "Hari Charan Sai Kalluri"]
[Black "Westerweele, Henrik"]
[Result "1-0"]
[WhiteElo "2059"]
[BlackElo "1919"]
[PlyCount "73"]

1. d4 e6 2. Nf3 f5 3. g3 Nf6 4. c4 Be7 5. Nc3 O-O 6. Bg2 d6 7. O-O a5 8. Qc2
Nc6 9. a3 Qe8 10. d5 Ne5 11. Nd4 Qh5 12. dxe6 c6 13. Nxf5 Bxe6 14. Nxe7+ Kh8
15. f4 Neg4 16. h3 Rae8 17. f5 Bxc4 18. Rf4 d5 19. e3 Nh6 20. g4 Qh4 21. b3 Ba6
22. Qf2 Qxf2+ 23. Rxf2 Nf7 24. Nexd5 cxd5 25. Nxd5 Nxd5 26. Bxd5 Ng5 27. Bg2
Ne4 28. Rc2 h5 29. Rc7 hxg4 30. hxg4 Nd6 31. Bd5 Rc8 32. Rd7 Rfd8 33. Rxd8+
Rxd8 34. e4 Bd3 35. Bg5 Re8 36. Ra2 Bxe4 37. Rh2# 1-0

[Event "HZ Chess Tournament 2022"]
[Site "Vlissingen, Netherlands"]
[Date "2022.08.09"]
[Round "5.43"]
[White "Le Clercq, Maxim"]
[Black "Klein, Jorik"]
[Result "1-0"]
[WhiteElo "2049"]
[BlackElo "1918"]
[PlyCount "67"]

1. d4 Nf6 2. Bf4 g6 3. Nc3 Bg7 4. e4 d6 5. Qd2 O-O 6. Bh6 e5 7. d5 Bxh6 8. Qxh6
Ng4 9. Qd2 f5 10. f3 Nf6 11. O-O-O fxe4 12. fxe4 Nh5 13. g3 Bg4 14. Be2 Bxe2
15. Ngxe2 Nd7 16. Rdf1 Qe7 17. Qe3 Rxf1+ 18. Rxf1 c5 19. dxc6 bxc6 20. Qd3 Nc5
21. Qc4+ Qe6 22. Qxe6+ Nxe6 23. b4 Rd8 24. Kb2 d5 25. Kb3 Nd4+ 26. Nxd4 exd4
27. exd5 cxd5 28. Nb5 d3 29. cxd3 Rd7 30. g4 Ng7 31. Rf6 Rb7 32. a4 a5 33. bxa5
Ne8 34. a6 1-0

[Event "HZ Chess Tournament 2022"]
[Site "Vlissingen, Netherlands"]
[Date "2022.08.09"]
[Round "5.44"]
[White "Van Gemert, Rogier"]
[Black "Warnaar, Alisha"]
[Result "0-1"]
[WhiteElo "1918"]
[BlackElo "2037"]
[PlyCount "98"]

1. Nf3 Nf6 2. d4 g6 3. Bg5 Bg7 4. Nbd2 d5 5. e3 O-O 6. Bd3 Nbd7 7. c3 c5 8. h3
a6 9. O-O b5 10. e4 dxe4 11. Nxe4 cxd4 12. Nxd4 Bb7 13. Re1 h6 14. Bh4 Qb6 15.
Nxf6+ Bxf6 16. Bxf6 Qxf6 17. Be4 Bxe4 18. Rxe4 Nc5 19. Re3 Rfd8 20. Qe2 Rd7 21.
Re1 e6 22. Re5 Rc8 23. Qe3 Kh7 24. Re2 Na4 25. a3 Nb6 26. Qf3 Qxf3 27. Nxf3 Nc4
28. R5e4 Rd1+ 29. Kh2 Rb1 30. Ne5 Rxb2 31. Rxb2 Nxb2 32. Nxf7 Kg7 33. Nd6 Rxc3
34. Rxe6 Rxa3 35. Ne4 Kf7 36. Rf6+ Kg7 37. Re6 Nd3 38. Re7+ Kf8 39. Re6 Kf7 40.
Rf6+ Kg7 41. Rb6 b4 42. Rb7+ Kf8 43. Rb6 b3 44. Nd2 b2 45. Nc4 Ra2 46. Kg3 a5
47. Kf3 Nb4 48. Nd2 Ra1 49. Rb5 Rd1 0-1

[Event "HZ Chess Tournament 2022"]
[Site "Vlissingen, Netherlands"]
[Date "2022.08.09"]
[Round "5.45"]
[White "Welten, Hans"]
[Black "Emans, Job"]
[Result "1/2-1/2"]
[WhiteElo "1844"]
[BlackElo "2035"]
[PlyCount "53"]

1. d4 Nf6 2. c4 e6 3. Nc3 Bb4 4. a3 Bxc3+ 5. bxc3 c5 6. e3 O-O 7. Bd3 Nc6 8.
Ne2 d6 9. O-O b6 10. e4 e5 11. d5 Na5 12. Ng3 h6 13. Rb1 Ba6 14. Qe2 Qd7 15.
Nf5 Kh7 16. f4 Rad8 17. fxe5 dxe5 18. Nxh6 Ng8 19. Nxg8 Kxg8 20. Qh5 Bxc4 21.
Rf3 f6 22. Bxc4 Nxc4 23. Rh3 Nd6 24. Bd2 Qa4 25. Re1 Qc2 26. Bc1 Rfe8 27. Qh7+
1/2-1/2

[Event "HZ Chess Tournament 2022"]
[Site "Vlissingen, Netherlands"]
[Date "2022.08.09"]
[Round "5.46"]
[White "Molenaar, Toine"]
[Black "Manukonda Arun"]
[Result "0-1"]
[WhiteElo "1823"]
[BlackElo "2031"]
[PlyCount "60"]

1. d4 d5 2. c4 c6 3. Nf3 Nf6 4. Qb3 dxc4 5. Qxc4 Bg4 6. Nbd2 Nbd7 7. e3 e6 8.
h3 Bh5 9. Be2 Be7 10. O-O O-O 11. b3 Rc8 12. Ne5 Bxe2 13. Qxe2 c5 14. Ndf3 cxd4
15. exd4 Nb6 16. Bb2 Nbd5 17. Rac1 Rxc1 18. Rxc1 Qa5 19. Nxf7 Nf4 20. Qe3 N6d5
21. Qe4 Rxf7 22. g3 Nxh3+ 23. Kg2 Nhf4+ 24. gxf4 Nxf4+ 25. Kf1 Qh5 26. Ne5 Rf8
27. Rc7 Bb4 28. f3 Qh3+ 29. Kf2 Qg2+ 30. Ke3 Qe2# 0-1

[Event "HZ Chess Tournament 2022"]
[Site "Vlissingen, Netherlands"]
[Date "2022.08.09"]
[Round "5.47"]
[White "Pijpers, Peter"]
[Black "Verheij, Dana"]
[Result "0-1"]
[WhiteElo "2026"]
[BlackElo "1850"]
[PlyCount "62"]

1. e4 c5 2. Nf3 d6 3. Nc3 Nc6 4. Bb5 Bd7 5. O-O g6 6. Bxc6 bxc6 7. e5 Bg7 8.
exd6 exd6 9. Re1+ Ne7 10. Qe2 h6 11. d3 Be6 12. Bf4 O-O 13. Ne4 Nc8 14. c3 Qd7
15. d4 c4 16. h3 Re8 17. Qd2 Kh7 18. Nh2 g5 19. Be3 f5 20. Bxg5 Qf7 21. Bxh6
Bxh6 22. Ng5+ Bxg5 23. Qxg5 Qg6 24. Nf3 Nb6 25. Qf4 Bd5 26. Nh4 Qf6 27. Nxf5
Be6 28. Qxd6 Qxf5 29. Re5 Qg6 30. Rae1 Bf7 31. Qc5 Nd7 0-1

[Event "HZ Chess Tournament 2022"]
[Site "Vlissingen, Netherlands"]
[Date "2022.08.09"]
[Round "5.48"]
[White "Leentjens, Gilbert"]
[Black "Van Wijk, Peter"]
[Result "0-1"]
[WhiteElo "1810"]
[BlackElo "2016"]
[PlyCount "102"]

1. e4 c5 2. Nc3 d6 3. g3 g6 4. Bg2 Bg7 5. d3 Nc6 6. f4 e6 7. Nf3 Nge7 8. O-O
O-O 9. Be3 b6 10. d4 Ba6 11. Rf2 d5 12. e5 Nf5 13. Qd2 Re8 14. Ne2 Bxe2 15.
Rxe2 Nxe3 16. Qxe3 cxd4 17. Nxd4 Nxd4 18. Qxd4 Rc8 19. Rd1 Qe7 20. Bf1 Rc4 21.
Qf2 Qb4 22. b3 Rc3 23. a4 Bf8 24. Kg2 Rec8 25. Qe1 Rxc2 26. Qxb4 Bxb4 27. Rd3
Rxe2+ 28. Bxe2 Rc2 29. Kf3 Rb2 30. h3 Rc2 31. Kf2 Bc3 32. Kf3 d4 33. Rd1 Rb2
34. Bc4 Rh2 35. Bf1 Rb2 36. Bc4 Kf8 37. g4 Bd2 38. Ke4 Be3 39. f5 gxf5+ 40.
gxf5 exf5+ 41. Kxf5 Rf2+ 42. Ke4 Rf4+ 43. Kd5 Rh4 44. Rf1 d3 45. e6 Rd4+ 46.
Kc6 d2 47. Be2 Bf4 48. exf7 Re4 49. Bh5 Rd4 50. Rg1 Rd6+ 51. Kb5 Rd5+ 0-1

[Event "HZ Chess Tournament 2022"]
[Site "Vlissingen, Netherlands"]
[Date "2022.08.09"]
[Round "5.49"]
[White "Riksen, John"]
[Black "Van de Poel, Taco"]
[Result "0-1"]
[WhiteElo "2014"]
[BlackElo "1818"]
[PlyCount "164"]

1. Nf3 Nf6 2. d4 g6 3. c4 Bg7 4. Nc3 d5 5. e3 O-O 6. Bd3 c5 7. O-O cxd4 8. exd4
Nc6 9. h3 Nb4 10. c5 Nxd3 11. Qxd3 Bf5 12. Qe2 Ne4 13. Nd1 b6 14. cxb6 axb6 15.
Bf4 f6 16. Ne3 Bc8 17. Rfc1 Ra7 18. a3 Re8 19. Rxc8 Qxc8 20. Nxd5 Qf5 21. Qb5
Rea8 22. Bc7 Kf7 23. Bxb6 Nd6 24. Qb3 e6 25. Ne3 Qb5 26. Qxb5 Nxb5 27. Bxa7
Rxa7 28. Rc1 f5 29. Ne5+ Bxe5 30. dxe5 Ke7 31. Rc8 Kd7 32. Rc5 Nd4 33. Rc4 Nb3
34. Rb4 Nc5 35. Rd4+ Ke7 36. Nc4 Nb3 37. Rh4 h5 38. Ne3 Nc1 39. Rd4 Nb3 40. Rb4
Nc5 41. Rb8 Nd3 42. Rb5 Rc7 43. g3 g5 44. b3 Rc1+ 45. Nf1 f4 46. Rb7+ Kf8 47.
gxf4 Nxf4 48. a4 Nxh3+ 49. Kh2 g4 50. Ne3 Nxf2 51. Kg3 Nd3 52. Nc4 Rh1 53. a5
Rh3+ 54. Kg2 Nf4+ 55. Kg1 g3 56. Ne3 Rh2 57. a6 Ra2 58. Rb4 Nh3+ 59. Kf1 Rxa6
60. Kg2 Ng5 61. Kxg3 Nf7 62. Nc4 Kg7 63. Kf4 Kg6 64. Rb8 Ra7 65. Rg8+ Kh7 66.
Re8 Ra1 67. Re7 Kg8 68. Rb7 Rf1+ 69. Ke4 h4 70. Rd7 Ng5+ 71. Ke3 h3 72. Rd2
Rf3+ 73. Kd4 Rxb3 74. Rd1 Kg7 75. Ne3 Kg6 76. Rh1 Kh5 77. Nc4 Kh4 78. Nd2 Nf3+
79. Nxf3+ Rxf3 80. Rd1 h2 81. Kc4 Kg3 82. Re1 Kh3 0-1

[Event "HZ Chess Tournament 2022"]
[Site "Vlissingen, Netherlands"]
[Date "2022.08.09"]
[Round "5.50"]
[White "De Wolf, Johan"]
[Black "Minnema, Rens"]
[Result "1/2-1/2"]
[WhiteElo "2010"]
[BlackElo "1797"]
[PlyCount "57"]

1. d4 d6 2. e4 g6 3. Nf3 Bg7 4. Bd3 Nf6 5. O-O O-O 6. c3 c5 7. h3 Nc6 8. Nbd2
a6 9. d5 Nb8 10. a4 e6 11. Qb3 exd5 12. exd5 Nbd7 13. Rd1 Rb8 14. c4 Re8 15.
Nf1 Ne5 16. Nxe5 Rxe5 17. Bf4 Re8 18. Ng3 Qc7 19. Re1 Bd7 20. Rxe8+ Bxe8 21.
Ne2 Nd7 22. Nc3 f5 23. Qc2 Ne5 24. Bf1 Bd7 25. Bd2 Qd8 26. f4 Nf7 27. Qd3 Qf6
28. Kh2 Qd4 29. Qxd4 1/2-1/2

[Event "HZ Chess Tournament 2022"]
[Site "Vlissingen, Netherlands"]
[Date "2022.08.09"]
[Round "5.51"]
[White "Groen, Jari"]
[Black "De Boer, Robert"]
[Result "1/2-1/2"]
[WhiteElo "1800"]
[BlackElo "2005"]
[PlyCount "57"]

1. e4 e6 2. d4 d5 3. Nc3 Nf6 4. e5 Nfd7 5. f4 c5 6. Nf3 Nc6 7. Be3 Be7 8. Qd2
cxd4 9. Nxd4 Nxd4 10. Bxd4 Nb8 11. O-O-O Nc6 12. Bf2 Bd7 13. Ne2 Rc8 14. Nd4
Nxd4 15. Bxd4 Bc5 16. h4 h5 17. Rh3 g6 18. Qf2 Qe7 19. Be2 Bxd4 20. Qxd4 Qc5
21. Rc3 Qxd4 22. Rxc8+ Bxc8 23. Rxd4 Bd7 24. Kd2 Ke7 25. Rb4 Rb8 26. c4 dxc4
27. Rxc4 Bc6 28. Bf3 Bxf3 29. gxf3 1/2-1/2

[Event "HZ Chess Tournament 2022"]
[Site "Vlissingen, Netherlands"]
[Date "2022.08.09"]
[Round "5.52"]
[White "Hematyar, Fardin"]
[Black "Galle, Andre"]
[Result "0-1"]
[WhiteElo "1777"]
[BlackElo "1999"]
[PlyCount "64"]

1. e4 e6 2. d4 d5 3. exd5 exd5 4. Nf3 Nc6 5. c4 Nf6 6. Nc3 Bb4 7. a3 Bxc3+ 8.
bxc3 O-O 9. Be2 dxc4 10. Bxc4 Re8+ 11. Kf1 Na5 12. Bd3 Be6 13. Ne5 c5 14. Bg5
h6 15. h4 cxd4 16. cxd4 Rc8 17. Bb5 Rf8 18. Rb1 a6 19. Ba4 b5 20. Bc2 Nc4 21.
Nxc4 Bxc4+ 22. Kg1 Re8 23. Rh3 Qd6 24. Be3 Nd5 25. Qg4 Nf6 26. Qd1 Bd5 27. g4
Rxc2 28. Qxc2 Be4 29. Qc1 Bxb1 30. Qxb1 Nxg4 31. Qb3 Qf6 32. Kg2 Rxe3 0-1